Centrum chorvátskej kultúry, Jarovce
Na minha lista:
| Autor principal: | |
|---|---|
| Outros Autores: | |
| Formato: | Manuscrito Livro |
| Idioma: | eslovaco |
| Publicado em: |
2025
|
| Assuntos: | |
| Acesso em linha: | http://is.stuba.sk/zp/portal_zp.pl?podrobnosti=168205 |
| Tags: |
Sem tags, seja o primeiro a adicionar uma tag!
|
MARC
| LEADER | 00000ntm a22000003a 4500 | ||
|---|---|---|---|
| 001 | stuzp104536 | ||
| 003 | SK-STU | ||
| 005 | 20250614213057.7 | ||
| 007 | ta | ||
| 008 | 150427s2015----xo-----f-mn---000-0-slo-d | ||
| 040 | |a STU |b slo | ||
| 041 | 0 | |a slo | |
| 100 | 1 | |a Černek, Dávid |u 053130 |4 aut |U FAD Fakulta architektúry a dizajnu |T FAD Ústav dejín a teórie architektúry a obnovy pamiatok |X 115540 |U A3130 |Y 394 |7 115540 | |
| 242 | 0 | 1 | |a Center of Croatian Culture, Jarovce |y eng |
| 245 | 1 | 0 | |a Centrum chorvátskej kultúry, Jarovce |
| 260 | |c 2025 | ||
| 650 | 4 | |a Croatia |2 eng | |
| 650 | 4 | |a Slovakia |2 eng | |
| 650 | 4 | |a folk culture |2 eng | |
| 650 | 4 | |a dance |2 eng | |
| 650 | 4 | |a multipurpose hall |2 eng | |
| 650 | 4 | |a library |2 eng | |
| 650 | 4 | |a Slovak Croatians |2 eng | |
| 650 | 4 | |a cultural center |2 eng | |
| 650 | 4 | |a Jarovce |2 eng | |
| 650 | 4 | |a brick |2 eng | |
| 650 | 4 | |a traditions |2 eng | |
| 650 | 4 | |a Slovensko |2 slo | |
| 650 | 4 | |a tanec |2 slo | |
| 650 | 4 | |a Jarovce |2 slo | |
| 650 | 4 | |a knižnica |2 slo | |
| 650 | 4 | |a spoločenská sála |2 slo | |
| 650 | 4 | |a slovenskí Chorváti |2 slo | |
| 650 | 4 | |a tradície |2 slo | |
| 650 | 4 | |a Chorvátsko |2 slo | |
| 650 | 4 | |a kultúrne centrum |2 slo | |
| 650 | 4 | |a ľudová kultúra |2 slo | |
| 650 | 4 | |a tehla |2 slo | |
| 700 | 1 | |a Polomová, Beata |u 053130 |k Z8 |4 ths |U FAD Fakulta architektúry a dizajnu |T FAD Ústav dejín a teórie architektúry a obnovy pamiatok |X 4781 |U A3130 |Y 394 |7 A000004781 | |
| 856 | 4 | |u http://is.stuba.sk/zp/portal_zp.pl?podrobnosti=168205 | |